Tính cách người Nam Bộ - Dấu ấn đặc sắc trong du kí Nam Bộ nửa đầu thế kỉ XX
Guardat en:
| Autor principal: | |
|---|---|
| Format: | Llibre |
| Idioma: | Undetermined |
| Matèries: | |
| Accés en línia: | http://lrc.tdmu.edu.vn/opac/search/detail.asp?aID=2&ID=24082 |
| Etiquetes: |
Afegir etiqueta
Sense etiquetes, Sigues el primer a etiquetar aquest registre!
|
| Thư viện lưu trữ: | Trung tâm Học liệu Trường Đại học Thủ Dầu Một |
|---|
| LEADER | 00660nam a2200145Ia 4500 | ||
|---|---|---|---|
| 001 | TDMU_24082 | ||
| 008 | 210410s9999 xx 000 0 und d | ||
| 082 | |a 305 | ||
| 100 | |a Võ, Thị Thanh Tùng | ||
| 245 | 0 | |a Tính cách người Nam Bộ - Dấu ấn đặc sắc trong du kí Nam Bộ nửa đầu thế kỉ XX | |
| 245 | 0 | |c Võ Thị Thanh Tùng | |
| 300 | |a Tr.138-146 | ||
| 650 | |a Du kí Nam Bộ ; Thế kỉ XX; Tính cách người Nam Bộ; Văn hóa & Du lịch | ||
| 856 | |u http://lrc.tdmu.edu.vn/opac/search/detail.asp?aID=2&ID=24082 | ||
| 980 | |a Trung tâm Học liệu Trường Đại học Thủ Dầu Một | ||